1105 1157 1729 1861 1577 1692 1662 1936 1184 1283 1757 1209 1812 1903 1277 1575 1397 1001 1807 1082 1916 1308 1558 1946 1167 1831 1766 1591 1045 1210 1361 1705 1518 1884 1569 1709 1740 1061 1259 1039 1234 1352 1910 1578 1436 1277 1573 1555 1688 1415 1405 1741 1140 1442 1808 1827 1352 1042 1120 1216 1408 1354 1474 1071 1348 1418 1610 1900 1962 1149 1824 1812 1154 1437 1475 1831 1145 1864 1094 1782 1421 1196 1359 1781 1437 1089 1905 1436 1756 1333 1525 1113 1349 1290 1913 1887 1271 1364 1178 BCNSPRNW ULIB Ver.6.0+V

เปลี่ยนเป็นภาษาไทย

Change to English
 แสดงรายละเอียดบรรณานุกรม
  กลับหน้าหลัก

Brief Record : Get Marc (ISO 2709) : E-mail record : QR code < ปิดหน้าต่าง
LEADER : 00000nam 2200000uu 4500
001    13399111239
003     ULIB
008    110621s||||||||th 000 0 tha d
020    9786167005225
050  4 BF637.S8^bห353ค 2553
100 0  หวงถง
245 10 ความสำเร็จเกิดจากการก้าวไปข้างหน้า แต่ความสุขเกิดจากการก้าวถอยหลัง/^cหวงถง
250    พิมพ์ครั้งที่ 1
260    กรุงเทพฯ :^bbe Bright,^c2553
300    278 หน้า
650  7 จิตวิทยา
650  7 พัฒนาตนเอง
700 0  วังไฉ่ฉิง
700 0  ซงเย่,^eผู้แปล
945    ^p180^l0^i028449
995    ทศพร
999 ^a ใช้งานได้ทุกระบบ
รายการนี้ยังไม่มีแท็ก
คุณยังไม่ได้ล็อกอิน คุณสามารถมีกิจกรรมร่วมกับเว็บไซต์ได้ แต่ต้องล็อกอินก่อน ::
  ล็อกอิน

รายการสื่อสารสนเทศ

ลำดับที่ ประเภท เลขเรียก/บาร์โค้ด สถานที่ สถานะ
- ไม่พบข้อมูล -

รายการใกล้เคียง
    หัวเรื่อง [จิตวิทยา]
    หัวเรื่อง [พัฒนาตนเอง]

BibComment


ยังไม่เคยถูกคอมเมนท์

คอมเมนท์ทรัพยากรรายการนี้
  คอมเมนท์: ความสำเร็จเกิดจาก..


 Copyright 2026. Bcnsprnw @Library